| 000 | 00000nam##2200000za#4500 |
| 001 | 9.579716 |
| 003 | CaOODSP |
| 005 | 20230131161133 |
| 007 | cr ||||||||||| |
| 008 | 150406|2014||||xxc|||||o f|0| 0 eng|d |
| 020 | |a978-1-100-23639-1 |
| 022 | |a1701-4387 |
| 040 | |aCaOODSP|beng |
| 043 | |an-cn--- |
| 086 | 1 |aM44-2014/4E-PDF |
| 110 | 2 |aGeological Survey of Canada. |
| 245 | 10|aPaleozoic tectonostratigraphy of the northern Stevenson Ridge area, Yukon / |h[electronic resource]|c[by] J.J. Ryan, A. Zagorevski, C.F. Roots, N. Joyce. |
| 260 | |aOttawa - Ontario : |bNatural Resources Canada. |c2014. |
| 300 | |a16p.|bfig., maps, references, photographs |
| 490 | 1 |aCurrent research - Geological Survey of Canada|x1701-4387|v2014-4 |
| 546 | |a(Résumé en français.) |
| 590 | |a15-13|b2015-03-27 |
| 830 | #0|aCurrent research (Geological Survey of Canada)|x1701-4387|v2014-4|w(CaOODSP)9.506236 |
| 856 | 40|ahttp://publications.gc.ca|qPDF|s4.78 MB|uhttps://publications.gc.ca/collections/collection_2015/rncan-nrcan/M44-2014-4-eng.pdf|y2014-4 |